El libro de las soluciones / (Registro nro. 15021)

Detalles MARC
000 -LEADER
fixed length control field 00959nam a2200277 a 4500
001 - CONTROL NUMBER
control field 000006462
003 - CONTROL NUMBER IDENTIFIER
control field DO-SdBPM
005 - DATE AND TIME OF LATEST TRANSACTION
control field 20250401121121.0
008 - FIXED-LENGTH DATA ELEMENTS--GENERAL INFORMATION
fixed length control field 090831s2011 dr a r 000 0 spa d
020 ## - INTERNATIONAL STANDARD BOOK NUMBER
International Standard Book Number 9993486345
040 ## - CATALOGING SOURCE
Original cataloging agency DO-SdBPM
Language of cataloging spa
Transcribing agency BPMSU
082 #4 - DEWEY DECIMAL CLASSIFICATION NUMBER
Classification number 640.41
Item number C728L, 2011
Edition number 22
100 1# - MAIN ENTRY--PERSONAL NAME
Personal name Comarazamy, Luisa
245 13 - TITLE STATEMENT
Title El libro de las soluciones /
Statement of responsibility, etc. Luisa Comarazamy, Elizabeth Comarazamy.
246 14 - VARYING FORM OF TITLE
Title proper/short title El libro de las soluciones :
Remainder of title Miles de soluciones para resolver casos más difíciles; para usted, los suyos y su hogar.
250 ## - EDITION STATEMENT
Edition statement 3ª ed.
260 ## - PUBLICATION, DISTRIBUTION, ETC. (IMPRINT)
Place of publication, distribution, etc. Santo Domingo :
Name of publisher, distributor, etc. Editora Búho,
Date of publication, distribution, etc. 2011
300 ## - PHYSICAL DESCRIPTION
Extent 180 p. ;
Dimensions 23 cm.
Other physical details
500 ## - GENERAL NOTE
General note Incluye datos biográficos de las autoras en la solapa de la cubierta.
590 ## - LOCAL NOTE (RLIN)
Local note Inventariado, 2025/VM
650 #4 - SUBJECT ADDED ENTRY--TOPICAL TERM
Topical term or geographic name as entry element Economía doméstica
650 #4 - SUBJECT ADDED ENTRY--TOPICAL TERM
Topical term or geographic name as entry element Recetarios
700 12 - ADDED ENTRY--PERSONAL NAME
Personal name Comarazamy, Elizabeth
910 ## - USER-OPTION DATA (OCLC)
User-option data VMateo V. Control de calidad. BPMSU
942 ## - ADDED ENTRY ELEMENTS (KOHA)
Source of classification or shelving scheme Dewey Decimal Classification
Koha item type Libros
Existencias
Withdrawn status Lost status Source of classification or shelving scheme Damaged status Not for loan Collection code Home library Current library Date acquired Total Checkouts Full call number Barcode Date last seen Price effective from Koha item type
    Dewey Decimal Classification     Colección Dominicana Biblioteca Pública Metropolitana Salomé Ureña Biblioteca Pública Metropolitana Salomé Ureña 04/01/2025   BPMSU CD 640.41 C728L, 2011 BPMSU25040002 04/01/2025 04/01/2025 Libros